| 000 | 01254pam a2200337 a 4500 | ||
|---|---|---|---|
| 001 | 4048611 | ||
| 003 | OSt | ||
| 005 | 20151014150230.0 | ||
| 008 | 990308s1999 tnu b 000 0 eng | ||
| 010 | _a 99024850 | ||
| 020 | _a0805420355 | ||
| 035 | _a(DLC) 99024850 | ||
| 040 |
_aDLC _cDLC _dDLC |
||
| 050 | 0 | 0 |
_aBS 580 _b.M821 2001 |
| 082 | 0 | 0 |
_aFIL 248.82 _bM78 2001 |
| 100 | 1 |
_aMoore, Beth, _d1957- |
|
| 245 | 1 | 2 |
_aA heart like his : _ba devotional Journal / _cBeth Moore. |
| 260 |
_aNashville, Tenn. : _bBroadman & Holman, _cc1999. |
||
| 300 |
_axii, 297 p. ; _c24 cm. |
||
| 504 | _aIncludes bibliographical references (p. 296-297). | ||
| 562 | _e1 | ||
| 600 | 0 | 0 |
_aDavid, _cKing of Israel _vMeditations. |
| 856 | 4 | 2 |
_3Contributor biographical information _uhttp://www.loc.gov/catdir/enhancements/fy0903/99024850-b.html |
| 856 | 4 | 2 |
_3Publisher description _uhttp://www.loc.gov/catdir/enhancements/fy0903/99024850-d.html |
| 906 |
_a7 _bcbc _corignew _d1 _eocip _f19 _gy-gencatlg |
||
| 942 |
_2lcc _cBK |
||
| 999 |
_c1402 _d1402 |
||